ŠEDA, Anton fytopatológ, entomológ (24. 7. 1891 Čermná nad Orlicí, okr. Rychnov nad Knĕžnou - 10. 2. 1938 Košice)

Podrobná bibliografia
Médium: Článok
Jazyk:slovenčina
ISBN:8070902167 viaz
Predmet:

MARC

LEADER 00000naa a2200000uu 4500
001 vtls010924798
003 SK-MaSNL
005 20260302143256.0
008 220808|1992 xo |||||||||||||||||slo|
015 |a SNBRA 
035 |a (urnnbn)urn:nbn:sk:snk:ar-a0d2su 
035 |a (uuid)946c8f69-4725-45a2-b9a6-699a3846f362 
035 |a urn:nbn:sk:snk-aatria 
040 |a SNKBUCL  |b slo  |c SNKBUCL  |e AACR2 
041 0 |a slo 
044 |a xo  |c SK 
245 0 0 |a ŠEDA, Anton  |b fytopatológ, entomológ (24. 7. 1891 Čermná nad Orlicí, okr. Rychnov nad Knĕžnou - 10. 2. 1938 Košice) 
600 1 7 |a Šeda, Anton,  |d 1891-1938  |2 SNKMA  |9 65202 
655 7 |a biografické heslá  |2 SNKPH  |9 368942 
773 0 |t Slovenský biografický slovník : (od roku 833 do roku 1990). V. zväzok, R-Š  |d Martin : Matica slovenská, 1992  |g S. 439  |z 8070902167 viaz 
954 |a odborná, vedecká literatúra pôvodná (slovenská)  |2 lita 
958 |a OND 
958 |a BX 
958 |a article25 
958 |a chapter 
999 |c 1343563  |d 1345493